Текст томруулах:    
Contemporary management (Бичлэгийн дугаар. 146076)
000 -УДИРДЛАГА
Удирдлага 01010nam a22003377a 4500
003 - ХЯНАЛТЫН ТОО ТОДОРХОЙЛОГЧ
Код MN-UlNUM
005 - БИЧИЛТ ХИЙСЭН ОГНОО
Тухайн бичилтийг бичсэн засварласан сүүлийн огноо 20260103205237.0
008 - ЕРӨНХИЙ МЭДЭЭЛЭЛ
Ерөнхий мэдээлэл 160411s2009 mauab 001 0 eng
020 ## - ISBN
ISBN 0071281053
-- 9780071281058
040 ## - БИЧЛЭГ ҮҮСГЭГЧ БАЙГУУЛЛАГА
Бичлэг үүсгэгч номын сангийн код МУИС-ийн номын сан
084 ## - ББК АНГИЛАЛ
Нэмэлт тусгалт Гарын авлага
ББК ангилал 65.290-2
Зохиогчийн гурван тэмдэгт J 10
Мэдлэгийн ялгаа 65 - Эдийн засаг
100 ## - ЗОХИОГЧ
Зохиогчийн нэр Jones, Gareth R.
245 10 - ҮНДСЭН ГАРЧИГ
Номын нэр Contemporary management
Оролцогчдын тухай мэдээ Gareth R. Jones, Jennifer M. George
250 ## - ДАХИН ХЭВЛЭЛТ
Дахин гаралтын дугаар 6th ed.
260 ## - ГАРАЛТЫН МЭДЭЭ
Хэвлэгдсэн газар Boston, Mass.
Хэвлэлийн газар McGraw-Hill Irwin
Хэвлэгдсэн он 2009
300 ## - МАТЕРИАЛЫН ТОДОРХОЙЛОЛТ
хуудасны тоо xl, 730 p.
Бусад тоон мэдээлэл ill. (some col.), maps
Хэмжээ 29 cm
500 ## - Тайлбар
Дансны дугаар БС 5999
546 ## - ХЭЛНИЙ ТУХАЙ МЭДЭЭ
Хэл Англи хэл дээр,
653 ## - Түлхүүр үг
Түлхүүр үг economics
653 ## - Түлхүүр үг
Түлхүүр үг management
700 1# - ХАМ ЗОХИОГЧИД
Ба бус George, Jennifer M.
740 ## - НОМЫН ГАРЧИГ
Гарчиг Management
740 ## - НОМЫН ГАРЧИГ
Гарчиг The Environment of Management
740 ## - НОМЫН ГАРЧИГ
Гарчиг Decision Making, Planning, and Strategy
740 ## - НОМЫН ГАРЧИГ
Гарчиг Organizing and Controlling
740 ## - НОМЫН ГАРЧИГ
Гарчиг Leading Individuals and Groups
740 ## - НОМЫН ГАРЧИГ
Гарчиг Managing Critical Organizational Processes
942 ## - ЭЛЕМЕНТИЙН ТӨРӨЛ
Зүйлийн төрөл Ном